000 00341nam a2200133Ia 4500
008 221030s9999 xx 000 0 und d
041 _aEnglish
100 _aS. P. Gupta
245 0 _aAnalysis of Engineering Economics
_cby S. P. Gupta
260 _bMalhotra Borthers
_aJAMMU
_c2008
300 _a322
650 _aBE Economics
942 _cBK
999 _c13939
_d13939